000 03612nam a2200337 4500
001 114286
003 DR-UNIBE
005 20251209142209.0
008 251209b2025 dr ||||| |||| 00| 0 spa d
020 _a9789945511260
040 _aBIBLIOTECA UNIBE
_bspa
_cBIBLIOTECA UNIBE
041 _aspa
082 _222
_aRD 628.162 J95h
100 1 _aJáuregui Haza, Ulises
_eautor
_efotógrafo
_9201397
100 1 _aVargas, Enmanuel
_eautor
_9201398
245 1 4 _aLos humedales construidos como solución basada en la naturaleza para el tratamiento de agua residuales :
_bpreguntas y respuestas /
_cUlises Jáuregui Haza, Enmanuel Vargas
260 _aSanto Domingo :
_bFondo de Agua Yaque del Norte :
_bInstituto Tecnológico de Santo Domingo (INTEC),
_c2025
300 _a47 páginas :
_bilustraciones (a color) ;
_c30 cm
504 _aIncluye referencias bibliográficas y enlaces a materiales audiovisuales (páginas: 46-47) e índice
505 0 _a1. ¿Qué son los humedales construidos? | 2. ¿Cómo se clasifican los humedales construidos? | 3. ¿Cómo funciona un humedal construido para el tratamiento de aguas residuales? | 4. ¿Cuáles son los principales criterios de diseño de los humedales construidos? | 5. ¿Cuáles son las principales ventajas de los humedales construidos, en comparación con los sistemas convencionales de tratamiento de aguas residuales? | 6. ¿Cuáles son las principales limitaciones de los humedales construidos? | 7. ¿En qué consiste la operación y el mantenimiento de un humedal artificial? | 8. ¿Cuál es el rol que juega la comunidad en la sostenibilidad de un humedal artificial? | 9. ¿Cuáles servicios ecosistémicos brindan los humedales artificiales? | 10. ¿Cuáles son las plantas más comunes que se usan como cobertura en los humedales construidos? | 11. ¿Cuál es la política para la construcción de humedales en la República Dominicana? | 12. ¿Qué tan eficientes son los humedales artificiales en el tratamiento de aguas residuales? | 13. ¿Cuál es el ámbito de aplicación de los humedales artificiales? | 14. ¿Cuáles son los principales impulsores en la implementación de humedales en la República Dominicana? | 15. ¿Cuáles son las principales barreras que limitan la implementación de humedales en la República Dominicana? | 16. ¿Cuáles han sido las principales incidencias en el deterioro de humedales artificiales en la República Dominicana? | 17. ¿Qué tipos de medios filtrantes son comúnmente usados en humedales artificiales? | 18. ¿Cuáles son los requerimientos para ampliar la aplicación de humedales en la República Dominicana? | 19. ¿Dónde está la concentración más alta de humedales artificiales y por qué? | 20. ¿Cuál es el impacto ambiental de un humedal artificial partiendo del análisis de su ciclo de vida? | 21. ¿Cuáles son los pasos a tener en cuenta a la hora de proponer un humedal artificial como alternativa para el tratamiento de aguas residuales? | 22. Referencias bibliográficas
650 7 _2lemb
_aHumedales
_9201406
650 7 _2lemb
_aConservación de humedales
_9201407
650 7 _2lemb
_aPurificación de aguas residuales
_931462
650 7 _2lemb
_aProtección del medio ambiente
_zRepública Dominicana
_915688
650 7 _2lemb
_aDesarrollo sostenible
700 1 _aPicón, María Carla
_ecuidado de edición
_ecorrector de estilo
_9129381
700 1 _aEstévez de Portes, Walkiria
_epresentación
_9201401
700 1 _aRodríguez Botier, Hermis
_ediagramador
_9201408
700 1 _aInfante Sicard, Eduardo David
_efotógrafo
_9201409
942 _2ddc
_cBK
999 _c114286
_d114286